000 00302nam a2200133Ia 4500
100 _aPappas/C.H/ Murray W.H
942 _cBK
654 _a80386
245 _a80386 Microprocessor handbook
260 _bMcGraw Hill
_aCalifornia
_c1985
082 _a621.3819
_bPAP
300 _a434
546 _aENGLISH
999 _c26772
_d26772